00389nam a2200145Ia 4500020001800000082001700018100001900035245004400054260003700098300000800135504003600143650002200179650001500201700002700216 a9788178358871 a363.45 DWI_I aDwivedi, Manan 0aInternal security threats in South Asia aDelhibKalpaz Publicationsc2013 a263 aincludes bibliography and index aINTERNAL SECURITY aSOUTH ASIA aChakravarty, Devaditya